| 000 | 01290nam a2200241Ia 4500 | ||
|---|---|---|---|
| 003 | Ost | ||
| 005 | 20260507075438.0 | ||
| 008 | 260507s9999||||xx |||||||||||||| ||und|| | ||
| 020 | _a9789957117849 | ||
| 040 | _cfsecg | ||
| 041 | _aara | ||
| 082 | _a658 | ||
| 100 |
_aالغالبي، طاهر محسن منصور _eمؤلف |
||
| 245 | 0 |
_aادارة واستراتيجية منظمات الاعمال المتوسطة والصغيرة / _c طاهر محسن منصور الغالبي |
|
| 260 |
_aعمان: _bدار وائل, _c2009 |
||
| 300 |
_a464 صفحة؛ _bإيضاحات ؛ _c29 سم |
||
| 504 | _aببليوغرافيا: ص.457-462 | ||
| 520 | _aالمنظمات المتوسطة والصغيرة الحجم، المسؤولية الاجتماعية والأخلاقية في منظمات الأعمال المتوسطة والصغيرة، اختيار الشكل القانوني واقامة الاعمال الصغيرة، تطوير خطة العمل وتمويل الأعمال المتوسطة والصغيرة، استراتيجية الأعمال الصغيرة، ادارة منظمات الأعمال الصغيرة | ||
| 653 | _aادارة الاعمال | ||
| 653 | _aالادارة | ||
| 653 | _aالشركات-تنظيم وادارة | ||
| 942 | _cكتاب | ||
| 999 |
_c44551 _d44551 |
||